Szczegóły MARC21

BVR's guide to physician practice valuation /

005 -DATA I CZAS OSTATNIEJ MODYFIKACJI [,]
    • @
    • pole kontrolne
    • 20131205114232.0
020 -Międzynarod. znormalizowany nr książki - ISBN [ , ]
    • a
    • Numer ISBN
    • 9781621500018 Find
040 -Instytucja sporządzająca opis [ , ]
    • a
    • Instytucja, która sporządziła opis (NP)
    • SZCZ U/SA
    • c
    • Instytucja, która sporządziła rekord (NP)
    • SZCZ U/SA
    • d
    • Instytucja, która zmodyfikowała rekord (P)
    • SZCZ U/ML
041 -Język dokumentu [0, ]
    • a
    • Język tekstu (P)
    • angielski
044 -Kraj miejsca wydania [ , ]
    • a
    • Kraj miejsca wydania
    • USA
942 -Rodzaj dokumentu [ , ]
    • c
    • Rodzaj dokumentu
    • Książka
245 -Strefa tytułu i oznaczenia odpowiedzialności [0,0]
    • a
    • Tytuł
    • BVR's guide to physician practice valuation / Find
    • c
    • Pozostałe elementy strefy tytułu i oznaczenia odpowiedzialności (NP)
    • ed. Mark O. Dietrich.
246 -Wariant tytułu [3, ]
    • a
    • Tytuł (NP)
    • Guide to physician practice valuation
250 -Strefa wydania [ , ]
    • a
    • Oznaczenie wydania (NP)
    • [2nd ed.].
260 -Strefa adresu wydawniczego [ , ]
    • a
    • Miejsce wydania (P)
    • Portland :
    • b
    • Nazwa wydawcy (P)
    • Business Valuation Resources,
    • c
    • Data wydania (P)
    • cop. 2012.
300 -Strefa opisu fizycznego [ , ]
    • a
    • Określenie formy książki i/lub objętość (NP)
    • IV, 451 s. :
    • b
    • Oznaczenie ilustracji (NP)
    • il. ;
    • c
    • Format (NP)
    • 26 cm.
080 -Uniwersalna Klasyfikacja Dziesiętna [ , ]
    • 2
    • Identyfikator wydania tablic
    • UDC-P058
    • 9
    • UKD
    • 4603
    • a
    • Symbol klasyfikacji
    • 614.25
    • b
    • Dopowiedzenie
    • Zawód lekarski. Etyka zawodowa. Deontologia lekarska. Odpowiedzialność lekarska.
    • 4
    • UKD2
    • 7644
    • x
    • Poddział wspólny
    • =111
    • c
    • Dopowiedzenie poddz. wspólnego
    • =Język angielski.
080 -Uniwersalna Klasyfikacja Dziesiętna [ , ]
    • 2
    • Identyfikator wydania tablic
    • UDC-P058
    • 9
    • UKD
    • 2772
    • a
    • Symbol klasyfikacji
    • 316.334:61
    • b
    • Dopowiedzenie
    • Socjologia medycyny.
    • 4
    • UKD2
    • 7644
    • x
    • Poddział wspólny
    • =111
    • c
    • Dopowiedzenie poddz. wspólnego
    • =Język angielski.
080 -Uniwersalna Klasyfikacja Dziesiętna [ , ]
    • 2
    • Identyfikator wydania tablic
    • UDC-P058
    • 9
    • UKD
    • 4601
    • a
    • Symbol klasyfikacji
    • 614.2
    • b
    • Dopowiedzenie
    • Urzędowa i zawodowa organizacja służby zdrowia. Szpitale. Sanatoria. Ośrodki zdrowia. Przychodnie lekarskie.
    • 4
    • UKD2
    • 7644
    • x
    • Poddział wspólny
    • =111
    • c
    • Dopowiedzenie poddz. wspólnego
    • =Język angielski.
980 -Symbol UKD [ , ]
    • a
    • UKD
    • 614.25:316.334:61:614.2]=111
700 -Hasło dodatkowe - nazwa osobowa [1, ]
    • 9
    • KHW
    • 65761
    • a
    • Nazwa osobowa (NP)
    • Dietrich, Mark O.‏ Find
    • e
    • Określenie rodzaju współpracy
    • Red.
710 -Hasło dodatkowe - nazwa ciała zbiorowego [2, ]
    • 4
    • Kod relacji
    • pbl
    • 9
    • KHW
    • 65282
    • a
    • Nazwa ciała zbiorowego lub nazwa geograficzna jako pierwszy element (NP)
    • Business Valuation Resources.
920 -ISBN [ , ]
    • a
    • ISBN
    • 978-1-62150-001-8 Find
Status udost. Numer inwentarzowy Data inwentaryzacji Lokalizacja
-2T.133792013-11-07T